000 00852nam a22002657a 4500
005 20251203113800.0
008 251203b |||||||| |||| 00| 0 eng d
020 _a9354978940
040 _cAL
041 _aEnglish
082 _a574.5
_bRAJE
100 _aR Rajagopalan
_9247389
245 _aEnvironmental studies
_b: from crisis to cure
250 _a4.
260 _aNew Delhi
_bOxford University Press
_c2024
300 _axxvii,315p.
_bPB
_c24x18cm.
365 _aABDI/0821/25
_b₹431.25
_c
_d₹575.00
_e25%
_f13-11-2025
650 _aHumans and the Environment
_9247370
650 _aEnvironmental Pollution
_9247371
650 _aEcosystems and Natural Resources
_9247372
650 _aBiodiversity and its Conservation
_9247373
650 _aClimate Change
_9247374
650 _aSustainable Development
_9247375
942 _2ddc
_cBK
999 _c240706
_d240706